Statistics for Glitch - Taylor Swift (All Lyrics)

Click here to take the quiz!

General Stats

  • This quiz has been taken 14 times
    (5 since last reset)
  • The average score is 189 of 233

Answer Stats

Lyrics% Correct
A
100%
a
100%
And
100%
and
100%
are
100%
glitch,
100%
Glitch,
100%
glitch
100%
I
100%
I'm
100%
In
100%
in
100%
is
100%
love
100%
(The
100%
The
100%
was
100%
You
100%
you
100%
be
80%
been
80%
blacking
80%
blackout
80%
Blood
80%
breaking
80%
but
80%
But
80%
counterfeit
80%
counterfeit)
80%
days
80%
Depending
80%
down
80%
down)
80%
Five
80%
friends
80%
I'll
80%
interruption,
80%
(It
80%
It
80%
it's
80%
just
80%
kind
80%
live
80%
malfunction
80%
moonlit
80%
must
80%
my
80%
myself
80%
of
80%
oh,
80%
on
80%
(Our
80%
our
80%
out)
80%
out
80%
part
80%
seconds
80%
see
80%
situationship
80%
slight
80%
so
80%
some
80%
sorry,
80%
starry
80%
stitch,
80%
supposed
80%
sweat
80%
system
80%
system's
80%
there's
80%
think
80%
to
80%
town,
80%
We
80%
we
80%
weekend
80%
were
80%
what
80%
what's
80%
who
80%
with
80%
yeah
80%
back
60%
brief
60%
chance
60%
dance
60%
don't
60%
dudes
60%
else's
60%
even
60%
fastening
60%
give
60%
glorious
60%
go
60%
had
60%
happenings
60%
happenstance
60%
I'd
60%
later,
60%
let's
60%
maybe
60%
mood
60%
nights
60%
ninety
60%
no
60%
not
60%
nothing
60%
one-hundred
60%
playground
60%
romance,
60%
search
60%
someone
60%
that's
60%
thought
60%
two-thousand
60%
wanting
60%

Score Distribution

Percentile by Number Answered

Percent of People with Each Score

Your Score History

You have not taken this quiz since the last reset